ENCYCLOPEDIA OF COMPUTER SCIENCE AND TECHNOLOGY VOLUME - 13 RELIABILITY THEORY TO USSR, COMPUTING IN (Record no. 580305)
[ view plain ]
| 000 -LEADER | |
|---|---|
| fixed length control field | 00354nam a22001217a 4500 |
| 020 ## - INTERNATIONAL STANDARD BOOK NUMBER | |
| International Standard Book Number | 0-8247-2263-9 |
| 082 ## - DEWEY DECIMAL CLASSIFICATION NUMBER | |
| Classification number | 004.03 ENC'B |
| 100 ## - MAIN ENTRY--PERSONAL NAME | |
| Personal name | BELZER, JACK |
| 9 (RLIN) | 74806 |
| 245 ## - TITLE STATEMENT | |
| Title | ENCYCLOPEDIA OF COMPUTER SCIENCE AND TECHNOLOGY VOLUME - 13 RELIABILITY THEORY TO USSR, COMPUTING IN |
| 260 ## - PUBLICATION, DISTRIBUTION, ETC. | |
| Place of publication, distribution, etc. | NEWYORK |
| Name of publisher, distributor, etc. | MARCEL DEKKER |
| Date of publication, distribution, etc. | 1979 |
| 300 ## - PHYSICAL DESCRIPTION | |
| Extent | 507P |
| 942 ## - ADDED ENTRY ELEMENTS (KOHA) | |
| Koha item type | Book |
| Withdrawn status | Lost status | Damaged status | Not for loan | Permanent Location | Current Location | Shelving location | Date acquired | Total Checkouts | Full call number | Barcode | Date last seen | Price effective from | Koha item type |
|---|---|---|---|---|---|---|---|---|---|---|---|---|---|
| College of Electrical & Mechanical Engineering (CEME) | College of Electrical & Mechanical Engineering (CEME) | Reference | 05/10/2017 | 004.03 ENC'B | CEME-15472 | 06/28/2021 | 06/28/2021 | Book |
